| 000 | 00396nam a2200157Ia 4500 | ||
|---|---|---|---|
| 003 | LK-CoDNM | ||
| 008 | 010623t1929 xxu||||| |||| 00| 1 eng d | ||
| 040 |
_aLK-CoDNM _dLK-CoDNM _eLK-CoDNM |
||
| 041 | _aeng | ||
| 080 |
_a50 _bF15 |
||
| 100 | _aGratiaen,L.J. | ||
| 245 | _aScenes from early Ceylon History | ||
| 260 |
_bW.E.Bastian Company _aColombo _c1929 |
||
| 300 | _b42P., 18 cm | ||
| 942 | _cBK | ||
| 999 |
_c94719 _d94719 |
||